Loading...
| Science - Physics | 1 | 4 | 0 | 0 | 55 | 52 | 92.80 | 0 | 2 | 13.36 | 28.36 |
| Science - Chemistry | 0 | 6 | 1 | 0 | 55 | 93 | 125.17 | 0 | 1 | 5.63 | 20.79 |
| Other Science (Math) | 0 | 4 | 1 | 1 | 35 | 71 | 94.50 | 0 | 2 | 26.04 | 67.41 |
| Social Science | 0 | 4 | 1 | 1 | 35 | 77 | 110.00 | 0 | 2 | 6.24 | 13.52 |
| Fine Arts - Other Arts | 0 | 3 | 0 | 3 | 30 | 138 | 152.67 | 0 | 1 | 0.10 | 1.70 |
| History - World | 0 | 3 | 2 | 1 | 20 | 80 | 114.00 | 0 | 1 | 4.32 | 14.23 |
| Other Science (Earth Science) | 0 | 2 | 0 | 0 | 20 | 108 | 111.00 | 0 | 0 | 23.15 | 49.23 |
| History - American | 0 | 2 | 1 | 1 | 15 | 119 | 129.50 | 0 | 0 | 2.04 | 5.29 |
| Other Culture | 1 | 0 | 0 | 0 | 15 | 85 | 85.00 | 0 | 1 | 14.81 | 31.11 |
| Fine Arts - Painting and Sculpture | 0 | 1 | 0 | 0 | 10 | 143 | 143.00 | 0 | 0 | 0.64 | 5.64 |
| Other Science (Astronomy) | 0 | 1 | 0 | 0 | 10 | 125 | 125.00 | 0 | 1 | 4.38 | 46.67 |
| Other Science (Computer Science) | 0 | 1 | 0 | 0 | 10 | 116 | 116.00 | 0 | 0 | 2.69 | 18.75 |
| History - European | 0 | 1 | 0 | 0 | 10 | 161 | 161.00 | 0 | 0 | 0.14 | 2.56 |
| Geography | 0 | 1 | 0 | 1 | 10 | 146 | 146.00 | 0 | 0 | 0.17 | 17.86 |
| Science - Biology | 0 | 1 | 2 | 0 | 0 | 130 | 130.00 | 0 | 0 | 0.23 | 2.05 |
| Literature - American | 0 | 0 | 0 | 0 | 0 | 0.00 | 0 | 0 | 0.00 | 0.00 | |
| Religion | 0 | 0 | 1 | 0 | -5 | 0.00 | 0 | 0 | 0.00 | 0.00 | |
| Philosophy | 0 | 1 | 3 | 0 | -5 | 94 | 94.00 | 1 | 1 | 2.64 | 7.18 |
| Modern World | 0 | 0 | 2 | 0 | -10 | 0.00 | 0 | 0 | 0.00 | 0.00 |